• 首页
  • 本馆介绍
  • 公告通知
  • 最新文献
  • 馆藏检索
  • 电子资源
  • 读者导购
  • 参考咨询
  • 我的图书馆
  • 登录
  • 详细信息显示
  • 放入我的书架
  • 预约/预借图书
  • 作者相关作品
  • 分类相关作品
  • 丛书相关作品
  • 出版社相关作品

书目信息

  • 表格格式
  • 工作单格式
  • 卡片格式
题名:
最新商事仲裁与司法实务专题案例
    
 
作者: 林一飞 主编
分册: 第十二卷  
出版信息: 北京   对外经济贸易大学出版社  2013.12
页数: 11,179页
开本: 23cm
丛书名:
单 册:
中图分类: D997.4
科图分类:
主题词: 国际商事仲裁--案例 , 国际商事仲裁 , 案例
电子资源:
ISBN: 978-7-5663-0919-8
000 01029nam0 2200289 450
001 524
005 20140908111300.85
010    @a978-7-5663-0919-8@dCNY23.00
100    @a20140219d2013 em y0chiy0110 ea
101 0  @achi
102    @aCN@b110000
105    @ay z 001yy
106    @ar
200 1  @a最新商事仲裁与司法实务专题案例@AZui Xin Shang Shi Zhong Cai Yu Si Fa Shi Wu Zhuan Ti An Li@h第十二卷@HDi Shi Er Juan@f林一飞主编@FLin Yi Fei Zhu Bian
210    @a北京@c对外经济贸易大学出版社@d2013.12
215    @a11,179页@d23cm
312    @a封面英文题名:New commercial cases
330    @a本书分为十个专题,包括仲裁协议效力的一般问题、仲裁意愿、关于仲裁机构的约定、仲裁当事人、仲裁员和仲裁庭、仲裁程序、仲裁裁决、法律适用等。
333    @a法律工作者及学习者
510 1  @aNew commercial cases@zeng
606 0  @a国际商事仲裁@x案例
606 0  @a国际商事仲裁
606 0  @a案例
690    @aD997.4@v5
701  0 @a林一飞@ALin Yi Fei@4主编
801  0 @aCN@bTANGWEI@c20140603
905    @b0837835-37@dD997.4@e133@f3
    
    最新商事仲裁与司法实务专题案例.第十二卷/林一飞主编.-北京:对外经济贸易大学出版社,2013.12
    11,179页;23cm
    使用对象:法律工作者及学习者
    
    ISBN 978-7-5663-0919-8:CNY23.00
    本书分为十个专题,包括仲裁协议效力的一般问题、仲裁意愿、关于仲裁机构的约定、仲裁当事人、仲裁员和仲裁庭、仲裁程序、仲裁裁决、法律适用等。
●
相关链接 在E读中查询图书 在五车中查询图书 在当当中查询图书 在豆瓣中查询图书


正题名:最新商事仲裁与司法实务专题案例     索取号:D997.4/133         预约/预借

序号 登录号 条形码 馆藏地/架位号 状态 备注
1 0837835   208378352   第一样本阅览室/ [索取号:D997.4/133] 在馆    
2 0837836   208378361   密集书库-史法系/ [索取号:D997.4/133] 在馆    
3 0837837   208378370   第一借阅区/ [索取号:D997.4/133] 在馆    
唐山师范学院图书馆 欢迎您!
大连网信软件有限公司© 版权所有